000
00350nam a22001577a 4500
003
MPLRDC
005
20220104123339.0
008
210129b ||||| |||| 00| 0 eng d
082
_a
907 NYD
100
_a
倪贻德著
245
_a
西洋画研究
_c
260
_a
_b
商务印书馆
_c
1959
300
_b
平
650
_a
942
_c
BK
_o
907 NYD
999
_c
10667
_d
10657